<?xml version="1.0" encoding="UTF-8"?>
<record
    xmlns:xsi="http://www.w3.org/2001/XMLSchema-instance"
    xsi:schemaLocation="http://www.loc.gov/MARC21/slim http://www.loc.gov/standards/marcxml/schema/MARC21slim.xsd"
    xmlns="http://www.loc.gov/MARC21/slim">

  <leader>00721nam a22001337a 4500</leader>
  <datafield tag="040" ind1=" " ind2=" ">
    <subfield code="c">RUA</subfield>
  </datafield>
  <datafield tag="082" ind1=" " ind2=" ">
    <subfield code="a">ATM SIE 2010B197 Or.1</subfield>
  </datafield>
  <datafield tag="100" ind1=" " ind2=" ">
    <subfield code="a">SIE, DARAVICHEA.</subfield>
  </datafield>
  <datafield tag="245" ind1=" " ind2=" ">
    <subfield code="a">hydrogen production from rice stalk and rice straw by anaerobic fermentatio using microflora (&#x1780;&#x17B6;&#x179A;&#x1795;&#x179B;&#x17B7;&#x178F;&#x17A7;&#x179F;&#x17D2;&#x1798;&#x17D0;&#x1793;&#x17A2;&#x17CA;&#x17B8;&#x178A;&#x17D2;&#x179A;&#x17BC;&#x179F;&#x17C2;&#x1793;&#x1785;&#x17C1;&#x1789;&#x1796;&#x17B8;&#x178A;&#x17BE;&#x1798; &#x1793;&#x17B7;&#x1784; &#x179F;&#x17D2;&#x179B;&#x17B7;&#x17B9;&#x1780;&#x179F;&#x17D2;&#x179A;&#x17BC;&#x179C;&#x1780;&#x17D2;&#x1793;&#x17BB;&#x1784;&#x179B;&#x1781;&#x178E;&#x17D2;&#x178C;&#x1782;&#x17D2;&#x1798;&#x17B6;&#x1793;&#x17A2;&#x17BB;&#x1780;&#x179F;&#x17CA;&#x17B8;&#x179F;&#x17C2;&#x1793; &#x178A;&#x17C4;&#x1799;&#x1794;&#x17D2;&#x179A;&#x17BE;&#x1798;&#x17B8;&#x1780;&#x17D2;&#x179A;&#x17BC;&#x1795;&#x17D2;&#x179B;&#x17BC;&#x179A;&#x17C9;&#x17B6;)</subfield>
  </datafield>
  <datafield tag="260" ind1=" " ind2=" ">
    <subfield code="a">Phnom Penh</subfield>
    <subfield code="b">RUA</subfield>
    <subfield code="c">2010</subfield>
  </datafield>
  <datafield tag="300" ind1=" " ind2=" ">
    <subfield code="a">xi, 55p.</subfield>
    <subfield code="b">ill.</subfield>
    <subfield code="c">29cm.</subfield>
  </datafield>
  <datafield tag="856" ind1=" " ind2=" ">
    <subfield code="u">https://drive.google.com/file/d/15nnKrcuqzLchykMRd_y6y7laSO-5k5ad/view?usp=sharing</subfield>
  </datafield>
  <datafield tag="942" ind1=" " ind2=" ">
    <subfield code="c">ATM</subfield>
  </datafield>
  <datafield tag="999" ind1=" " ind2=" ">
    <subfield code="c">4316</subfield>
    <subfield code="d">4316</subfield>
  </datafield>
  <datafield tag="952" ind1=" " ind2=" ">
    <subfield code="0">0</subfield>
    <subfield code="1">0</subfield>
    <subfield code="2">ddc</subfield>
    <subfield code="4">0</subfield>
    <subfield code="6">ATM_SIE_2010B197_OR_1_000000000000000</subfield>
    <subfield code="7">0</subfield>
    <subfield code="9">21907</subfield>
    <subfield code="a">LBB</subfield>
    <subfield code="b">LBB</subfield>
    <subfield code="c">B197</subfield>
    <subfield code="d">2015-12-10</subfield>
    <subfield code="o">ATM SIE 2010B197 Or.1</subfield>
    <subfield code="p">RUA018343</subfield>
    <subfield code="r">2015-12-10</subfield>
    <subfield code="w">2015-12-10</subfield>
    <subfield code="y">ATM</subfield>
  </datafield>
  <datafield tag="952" ind1=" " ind2=" ">
    <subfield code="0">0</subfield>
    <subfield code="1">0</subfield>
    <subfield code="2">ddc</subfield>
    <subfield code="4">0</subfield>
    <subfield code="6">ATM_SIE_2010B197_OR_2_000000000000000</subfield>
    <subfield code="7">0</subfield>
    <subfield code="9">21908</subfield>
    <subfield code="a">LBB</subfield>
    <subfield code="b">LBB</subfield>
    <subfield code="c">B197</subfield>
    <subfield code="d">2015-12-10</subfield>
    <subfield code="o">ATM SIE 2010B197 Or.2</subfield>
    <subfield code="p">RUA018104</subfield>
    <subfield code="r">2015-12-10</subfield>
    <subfield code="w">2015-12-10</subfield>
    <subfield code="y">ATM</subfield>
  </datafield>
  <datafield tag="952" ind1=" " ind2=" ">
    <subfield code="0">0</subfield>
    <subfield code="1">0</subfield>
    <subfield code="2">ddc</subfield>
    <subfield code="4">0</subfield>
    <subfield code="6">ATM_SIE_2010B197_OR_3_000000000000000</subfield>
    <subfield code="7">0</subfield>
    <subfield code="9">21909</subfield>
    <subfield code="a">LBB</subfield>
    <subfield code="b">LBB</subfield>
    <subfield code="c">B197</subfield>
    <subfield code="d">2015-12-10</subfield>
    <subfield code="o">ATM SIE 2010B197 Or.3</subfield>
    <subfield code="p">RUA018134</subfield>
    <subfield code="r">2015-12-10</subfield>
    <subfield code="w">2015-12-10</subfield>
    <subfield code="y">ATM</subfield>
  </datafield>
  <datafield tag="952" ind1=" " ind2=" ">
    <subfield code="0">0</subfield>
    <subfield code="1">0</subfield>
    <subfield code="2">ddc</subfield>
    <subfield code="4">0</subfield>
    <subfield code="6">ATM_SIE_2010B197_OR_4_000000000000000</subfield>
    <subfield code="7">0</subfield>
    <subfield code="9">21910</subfield>
    <subfield code="a">LBB</subfield>
    <subfield code="b">LBB</subfield>
    <subfield code="c">B197</subfield>
    <subfield code="d">2015-12-10</subfield>
    <subfield code="o">ATM SIE 2010B197 Or.4</subfield>
    <subfield code="p">RUA043541</subfield>
    <subfield code="r">2015-12-10</subfield>
    <subfield code="w">2015-12-10</subfield>
    <subfield code="y">ATM</subfield>
  </datafield>
  <datafield tag="952" ind1=" " ind2=" ">
    <subfield code="0">0</subfield>
    <subfield code="1">0</subfield>
    <subfield code="2">ddc</subfield>
    <subfield code="4">0</subfield>
    <subfield code="6">ATM_SIE_2010B197_OR_5_000000000000000</subfield>
    <subfield code="7">0</subfield>
    <subfield code="9">21911</subfield>
    <subfield code="a">LBB</subfield>
    <subfield code="b">LBB</subfield>
    <subfield code="c">B197</subfield>
    <subfield code="d">2015-12-10</subfield>
    <subfield code="o">ATM SIE 2010B197 Or.5</subfield>
    <subfield code="p">RUA043138</subfield>
    <subfield code="r">2015-12-10</subfield>
    <subfield code="w">2015-12-10</subfield>
    <subfield code="y">ATM</subfield>
  </datafield>
  <datafield tag="952" ind1=" " ind2=" ">
    <subfield code="0">0</subfield>
    <subfield code="1">0</subfield>
    <subfield code="2">ddc</subfield>
    <subfield code="4">0</subfield>
    <subfield code="6">ATM_SIE_2010_000000000000000_B197_OR_6</subfield>
    <subfield code="7">0</subfield>
    <subfield code="9">21912</subfield>
    <subfield code="a">LBB</subfield>
    <subfield code="b">LBB</subfield>
    <subfield code="c">B197</subfield>
    <subfield code="d">2015-12-10</subfield>
    <subfield code="o">ATM SIE 2010 B197 Or.6</subfield>
    <subfield code="p">RUA018038</subfield>
    <subfield code="r">2015-12-10</subfield>
    <subfield code="w">2015-12-10</subfield>
    <subfield code="y">ATM</subfield>
  </datafield>
  <datafield tag="952" ind1=" " ind2=" ">
    <subfield code="0">0</subfield>
    <subfield code="1">0</subfield>
    <subfield code="2">ddc</subfield>
    <subfield code="4">0</subfield>
    <subfield code="6">ATM_SIE_2010_000000000000000_B197_OR_7</subfield>
    <subfield code="7">0</subfield>
    <subfield code="9">21913</subfield>
    <subfield code="a">LBB</subfield>
    <subfield code="b">LBB</subfield>
    <subfield code="c">B197</subfield>
    <subfield code="d">2015-12-10</subfield>
    <subfield code="o">ATM SIE 2010 B197 Or.7</subfield>
    <subfield code="p">RUA009571</subfield>
    <subfield code="r">2015-12-10</subfield>
    <subfield code="w">2015-12-10</subfield>
    <subfield code="y">ATM</subfield>
  </datafield>
</record>
